00949nam a22002297a 4500003000500000005001700005008004100022010001100063011001100074035001100085040000900096100003800105245023500143260004000378500006000418502008100478650002000559650002200579700003800601856006400639856001600703CHAP20220329143926.0310812s2012 mx r 00010 spa d a103807 a104779 a115469 cCHAP1 aAlmengor Gandara, José Roberto.10aEstudio de factibilidad Técnico económico para el establecimiento de una planta empacadora de mango (Mangifera indica) en Tapachula, Chiapash[En línea]c/por José Roberto Almengor Gandara y Francisco Javier Roque Guzmán aChapingo, Méx. :bEl autor,c2012 aPara ver el contenido del material haga clic en la liga aTesis (Ing. Agroindustrial) -- UACH. Departamento de Ingeniería Industrial14aMangoxChiapas.14aMangoxIndustria.1 aRoque Guzmán, Francisco Javier. 3Finding aiduhttp://10.13.5.2/tesis/115469.pdfzTeclea aqui a1 n0000222